| 000 | 00498nam a2200145Ia 4500 | ||
|---|---|---|---|
| 008 | 191108s9999 xx 000 0 und d | ||
| 020 | _a978-0-374-29288 | ||
| 100 | _aFriedman, Thomas L. | ||
| 245 |
_cThomas Friedman.-- _aThe world is flat: _bA brief history of the twenty-first century / |
||
| 260 |
_aNew York: _bDouglas & McIntyre Ltd. _c2005 |
||
| 300 | _a488 pages : | ||
| 500 | _aIncludes acknowledgements and index. | ||
| 650 | _aDiffusion of innovations | ||
| 650 | _aInformation society | ||
| 999 |
_c362492 _d362492 |
||